Strength of Materials (Record no. 4961)

MARC details
000 -LEADER
fixed length control field 00401nam a22001697a 4500
005 - DATE AND TIME OF LATEST TRANSACTION
control field 20160630152130.0
008 - FIXED-LENGTH DATA ELEMENTS--GENERAL INFORMATION
fixed length control field 160630b xxu||||| |||| 00| 0 eng d
020 ## - INTERNATIONAL STANDARD BOOK NUMBER
ISBN 81-88458-10-4
041 ## - LANGUAGE CODE
Language code of text/sound track or separate title eng
082 ## - DEWEY DECIMAL CLASSIFICATION NUMBER
Item number 16919
100 ## - MAIN ENTRY--AUTHOR NAME
Personal name Rajput, R K
245 ## - TITLE STATEMENT
Title Strength of Materials
260 ## - PUBLICATION, DISTRIBUTION, ETC. (IMPRINT)
Name of publisher S.K. Kataria & Sons
Year of publication 2007
300 ## - PHYSICAL DESCRIPTION
Number of Pages 290
650 ## - SUBJECT ADDED ENTRY--TOPICAL TERM
Topical Term Diploma Engineering
942 ## - ADDED ENTRY ELEMENTS (KOHA)
Koha item type Books
Holdings
Lost status Damaged status Home library Current library Shelving location Date acquired Cost, normal purchase price Full call number Accession Number Koha item type
    JRU Library   SHELF-48-H 30/06/2016 130.00 16919 16919 Books
    JRU Library   SHELF-48-H 30/06/2016 130.00 16919 16920 Books
    JRU Library   SHELF-48-H 30/06/2016 130.00 16919 16921 Books
    JRU Library   SHELF-48-H 30/06/2016 130.00 16919 16922 Books
    JRU Library   SHELF-48-H 30/06/2016 130.00 16919 16923 Books
    JRU Library   SHELF-48-H 30/06/2016 130.00 16919 16924 Books
    JRU Library   SHELF-48-H 30/06/2016 130.00 16919 16925 Books
    JRU Library   SHELF-48-H 30/06/2016 130.00 16919 16926 Books
    JRU Library   SHELF-48-H 30/06/2016 130.00 16919 16927 Books
    JRU Library   SHELF-48-H 30/06/2016 130.00 16919 16928 Books